| Поле | Инд. | ПП | Название | Значение |
|---|---|---|---|---|
| Тип записи | a | |||
| Библиографический уровень | a | |||
| 001 | Контрольный номер | ad81c779c24a4e39af2e263bff033ced | ||
| 005 | Дата корректировки | 20260423092641.5 | ||
| 020 | a | ISBN | 978-5-907919-723 | |
| 040 | a | Служба первич. каталог. | НБ ТвГУ | |
| b | Код языка каталог. | rus | ||
| e | Правила каталог. | PSBO | ||
| 041 | 0_ | a | Код языка текста | rus |
| 097 | b | Оператор | Komarova.ES | |
| 100 | 1_ | a | Автор | Нефедова Марина Эдуардовна |
| q | Полное имя | Нефедова М. Э. | ||
| 245 | 10 | a | Заглавие | Актуальность повестей Алексея Николаевича Толстого (1883–1945) |
| 260 | a | Место издания | Москва | |
| b | Издательство | Московский союз литераторов | ||
| 504 | a | Библиография | Библиогр. в пордстроч. примеч. | |
| 520 | 0_ | a | Аннотация | Статья посвящена повести «Похождения Невзорова, или Ибикус» (1925). Она предназначена для широкой аудитории от 16+ и старше. В ней не подробное и глубокое исследование, а рассказ о впечатлении автора статьи от повести, с целью обратить внимание читателей на актуальность, юмор и тонкий психологизм А. Н. Толстого. Сатира и юмор, свойственные А. Н. Толстому, были замечены Максимом Горьким (1868–1936). |
| 653 | 0_ | a | Ключевые слова | Сатира |
| a | Ключевые слова | Похождения Невзовора | ||
| a | Ключевые слова | Психологизм | ||
| a | Ключевые слова | Личные наблюдения | ||
| a | Ключевые слова | Юмор | ||
| 773 | 18 | w | Контрольный № источника | b6c41c0621c24b1a8844e5348daa290e |
| t | Название источника | IV международная научно-практическая конференция "Русский язык и литература в современном мире: как сохранить национальный культурный код" | ||
| d | Место и дата издания | Москва : Московский союз литераторов, 2026 | ||
| g | Прочая информация | С. 152-162 | ||
| 901 | t | Тип документа | a | |
| 920 | a | Оператор | Кома | |
| 954 | b | Дата поступления в ОК | 20260423 |